Responses for show #3593 - Wednesday, March 29, 2000

Contestants

[<< previous game]

Cris Christopher, an executive assistant from Marietta, Georgia

Jeff Wohl, a marketing manager from Smyrna, Georgia

Jennifer Yuan, a web designer from Philadelphia, Pennsylvania (whose 1-day cash winnings total $12,101)

[next game >>]

Jeopardy! Round responses

AMERICAN HISTORY
WHAT A BUNCH OF...
NURSERY RHYME HEADLINES
STATE RIVERS
THE BIG PARADE
CROSSWORD CLUES "G"
    $100 1
(Jeff: What is Albuquerque?)

Santa Fe

JeffCris
    $100 15
Angels

Jeff
    $100 5
(Jennifer: What is "Rub-a-dub-dub, 3 men in a tub?")

The butcher, the baker & the candlestick maker

JenniferCris
    $100 26
(C: What is the Snake?)

Colorado

Cris
Triple Stumper
    $100 10
Tournament of Roses Parade

Jennifer
    $100 21
Glossy

Cris
    $200 2
Harvard

Cris
    $200 16
Posse

Cris
    $200 6
Pickled peppers

Jeff
    $200 27
Arkansas

Jennifer
    $200 11
(Jeff: What is the Parade of Lights?)

Main Street Electrical Parade

Jeff
Triple Stumper
    $200 22
Guts

Jeff
    $300 3
Maine

Triple Stumper
    $300 17
Bouquet

Jeff
    $300 7
Cinders

Cris
    $300 28
(buzzer sounds)
(Alex: Oooh, we won't be able to get to those last two clues, & one of them was the Daily Double.)

Tennessee

Jennifer
    $300 12
Macy's Thanksgiving Day Parade

Jennifer
    $300 23
Grand

Jennifer
    $400 4
Dred Scott

Jeff
    $400 18
Troop/troupe

Jennifer
    $400 8
(Jeff: What is a kitten?)

Cat

Jeff
Triple Stumper
    $400 13
St. Patrick's Day Parade

Jennifer
    $400 24
Goatee

Cris
    $500 20
(Jeff: Who is Eggleton?)
(with about a minute left to go...)

Thomas Eagleton

Jeff
Triple Stumper
    $500 19
Sails

Cris
    $500 9
Geese

Cris
    $500 14
May Day

Cris
    $500 25
Gown

Jeff

Scores at the first commercial break (after clue 14):

Jennifer Jeff Cris
$700 -$100 $1,700

Scores at the end of the Jeopardy! Round:

Jennifer Jeff Cris
$1,900 $500 $2,800

Double Jeopardy! Round responses

MUSIC
PHOTOGRAPHERS
ARCTIC ANIMALS
MEASURES OF PEOPLE
MANLY TITLE ROLES
(Alex: You have to name the actor who played the role.)
VOCABULARY
    $200 1
(C: What are bagpipes?)

Harmonica

Cris
Triple Stumper
    $200 9
John Lennon

Cris
    $200 10
Walrus

Jennifer
    $200 2
Anders Celsius

Cris
    $200 15
Jim Carrey

Jennifer
    $200 19
Umbrella

Cris
    $400 4
Richard Wagner

Cris
    $400 11
Mathew Brady

Jennifer
    $400 14
(Jennifer: What is a skunk?)

Musk ox

JenniferCris
    $400 3
Pascal

Jennifer
    $400 16
Dustin Hoffman

Jennifer
    $400 20
Tenet

Cris
    $600 5
Dance

Cris
    $600 12
Ansel Adams

Jeff
    $600 8
Andre-Marie Ampere

Jennifer
    $600 17
(Jeff: Who is William Hurt?)

John Hurt

JenniferJeff
    $600 21
Allusions

Jennifer
    $2,000 6
Irving Berlin

Cris
    $800 13
Louis Daguerre

Cris
    $1,200 26
Joule

Jennifer
    $800 18
Orson Welles

Cris
    $800 22
(Jeff: What is a siren?)

Stentorian

JenniferJeff
    $1000 7
Claude Debussy

Jennifer
    $1000 25
(Alex: We have a minute to go.)

Richard Avedon

Triple Stumper
    $1000 27
(Jennifer: What is a decibel?)
[The end-of-round signal sounds.]
(Alex: Jeff, with -$300, that means we have to bid you goodbye, so that means you'll be receiving the third place prize.)

Alexander Graham Bell

Jennifer
Triple Stumper
    $1000 24
David Bowie

Jennifer
    $1000 23
Omnibus

Triple Stumper

Scores at the end of the Double Jeopardy! Round:

Jennifer Jeff Cris
$7,900 -$300 $8,600

[wagering suggestions for these scores]

Final Jeopardy! Round responses

AMERICAN LITERATURE
JenniferWhat is Sorry Charlie
$6,400
CrisWhat is
$7,201
"The Old Man and the Sea"

Final scores:

Jennifer Jeff Cris
$1,500 -$300 $1,399
2-day champion: $13,601 3rd place: $1,000 Shopping Spree courtesy of Sony Card 2nd place: Trip to Outrigger Hotel, Waikiki Beach, Hawaii

Game dynamics:

Coryat scores:

Jennifer Jeff Cris
$7,500 -$300 $7,400
19 R
(including 1 DD),
3 W
7 R,
6 W
20 R
(including 1 DD),
2 W

Combined Coryat: $14,600

The J! Archive is created by fans, for fans. The Jeopardy! game show and all elements thereof, including but not limited to copyright and trademark thereto, are the property of Jeopardy Productions, Inc. and are protected under law. This website is not affiliated with, sponsored by, or operated by Jeopardy Productions, Inc. Join the discussion at JBoard.tv.